[Event "3rd Novi Sad it"]
[Site "Novi Sad"]
[Date "1974.10.28"]
[EventDate "1974.10.13"]
[Round "13.1"]
[White "Forintos, Gyozo"]
[Black "Tal, Mikhail"]
[Result "1/2-1/2"]
[WhiteElo "2490"]
[BlackElo "2635"]
[PlyCount "44"]
[Source "Perpetual Check"]

1. d4 e6 2. c4 d5 3. Nc3 Nf6 4. Nf3 c5 5. cxd5 Nxd5 6. e4 Nxc3 7. bxc3 cxd4 8.
cxd4 Nc6 9. a3 Be7 10. Bc4 O-O 11. O-O b6 12. Bf4 Bb7 13. Qd3 Bf6 14. Rfd1 Rc8
15. Bb5 Nxd4 16. Nxd4 e5 17. Be3 exd4 18. Bxd4 Bxd4 19. Qxd4 Qg5 20. Bf1 h5 21.
Qa4 Qg6 22. e5 Rc7 1/2-1/2

[Event "3rd Novi Sad it"]
[Site "Novi Sad"]
[Date "1974.10.28"]
[EventDate "1974.10.13"]
[Round "13.2"]
[White "Buljovcic, Ivan"]
[Black "Raicevic, Vladimir"]
[Result "1/2-1/2"]
[WhiteElo "2460"]
[BlackElo "2490"]
[PlyCount "35"]
[Source "Perpetual Check"]

1. e4 e6 2. d4 d5 3. Nd2 c5 4. exd5 exd5 5. Ngf3 Nc6 6. Bb5 Bd6 7. O-O Nge7 8.
dxc5 Bxc5 9. Nb3 Bd6 10. Nbd4 a6 11. Be2 h6 12. Be3 O-O 13. Qd2 Ng6 14. Rfe1
Qf6 15. Rad1 Bd7 16. c3 Nf4 17. Bxf4 Bxf4 18. Qc2 1/2-1/2

[Event "3rd Novi Sad it"]
[Site "Novi Sad"]
[Date "1974.10.28"]
[EventDate "1974.10.13"]
[Round "13.4"]
[White "Kirov, Nino"]
[Black "Suba, Mihai"]
[Result "0-1"]
[WhiteElo "2465"]
[BlackElo "2460"]
[PlyCount "54"]
[Source "Perpetual Check"]

1. c4 g6 2. Nc3 Bg7 3. g3 e5 4. Bg2 Nc6 5. Rb1 d6 6. b4 Bf5 7. d3 Qd7 8. b5 Nd8
9. e4 Be6 10. Nd5 c6 11. bxc6 bxc6 12. Ne3 Ne7 13. Nf3 Bh3 14. O-O Bxg2 15.
Kxg2 Ne6 16. Ng1 O-O 17. f3 f5 18. Ba3 f4 19. Nc2 h5 20. Rf2 c5 21. Ne2 fxg3
22. hxg3 Rf7 23. Nc3 Raf8 24. Qh1 Nc6 25. Qh3 Rxf3 26. Rxf3 Rxf3 27. Ne1 Nf4+
0-1

[Event "3rd Novi Sad it"]
[Site "Novi Sad"]
[Date "1974.10.28"]
[EventDate "1974.10.13"]
[Round "13.5"]
[White "Notaros, Krasoje"]
[Black "Marjan, Dusan"]
[Result "1/2-1/2"]
[WhiteElo "2290"]
[BlackElo "2250"]
[PlyCount "81"]
[Source "Perpetual Check"]

1. Nf3 d5 2. d4 c6 3. g3 e6 4. Bg2 f5 5. O-O Nf6 6. b3 Bd6 7. e3 O-O 8. c4 Nbd7
9. Ba3 Bxa3 10. Nxa3 Qe7 11. Qc1 Ne4 12. Qb2 Ndf6 13. Rac1 Bd7 14. Ne5 Rac8 15.
Nd3 Nd6 16. Nb1 Rfe8 17. Nd2 Nfe4 18. Nf3 b6 19. Nfe5 Nb7 20. Rc2 Rc7 21. Rfc1
Rec8 22. a3 Be8 23. Nb4 Nd8 24. Na6 Rb7 25. Nb4 Rbc7 26. Na6 Rb7 27. cxd5 exd5
28. Nb4 Rbc7 29. Na6 Rb7 30. Nb4 Qd6 31. Bh3 g6 32. Bf1 b5 33. Nbd3 Ne6 34. Nb4
Nd8 35. Na6 Ne6 36. f3 N4g5 37. b4 Nf7 38. f4 Nfd8 39. Bg2 Ra8 40. Qb3 Rb6 41.
Nc5 1/2-1/2

[Event "3rd Novi Sad it"]
[Site "Novi Sad"]
[Date "1974.10.28"]
[EventDate "1974.10.13"]
[Round "13.6"]
[White "Ilijic, Milan"]
[Black "Radulov, Ivan"]
[Result "0-1"]
[WhiteElo "2375"]
[BlackElo "2490"]
[PlyCount "96"]
[Source "Perpetual Check"]

1. c4 e6 2. g3 d5 3. Bg2 dxc4 4. Qa4+ Nd7 5. Nf3 a6 6. Nc3 Ngf6 7. Qxc4 b5 8.
Qb3 Bb7 9. d4 c5 10. Be3 c4 11. Qc2 Be7 12. O-O O-O 13. a3 Nd5 14. Bd2 f5 15.
Rfe1 Qb6 16. Rad1 a5 17. Bc1 b4 18. Nb1 Rac8 19. Bg5 Bd6 20. e4 fxe4 21. Qxe4
Nf4 22. Qxb7 Qxb7 23. gxf4 Bxf4 24. Ne5 Qc7 25. Bxf4 Rxf4 26. Nxd7 Qxd7 27. Bh3
Rf5 28. d5 exd5 29. Re5 Rg5+ 30. Rxg5 Qxh3 31. axb4 axb4 32. Rgxd5 c3 33. bxc3
bxc3 34. Rd8+ Rxd8 35. Rxd8+ Kf7 36. Nxc3 Qxc3 37. Rd1 h5 38. Kg2 h4 39. h3
Qc6+ 40. Kg1 Qf3 41. Rd7+ Kg8 42. Re7 Qxh3 43. Re4 Qf5 44. Re3 Qg5+ 45. Kh2
Qxe3 46. fxe3 Kf7 47. Kh3 g5 48. Kg4 Ke6 0-1

[Event "3rd Novi Sad it"]
[Site "Novi Sad"]
[Date "1974.10.28"]
[EventDate "1974.10.13"]
[Round "13.7"]
[White "Deze, Anton"]
[Black "Jovic, Ljubomir"]
[Result "1/2-1/2"]
[WhiteElo "2375"]
[BlackElo "2305"]
[PlyCount "28"]
[Source "Perpetual Check"]

1. e4 e6 2. d4 d5 3. Nc3 Nf6 4. Bg5 Be7 5. e5 Nfd7 6. Bxe7 Qxe7 7. f4 a6 8. Nf3
c5 9. dxc5 Qxc5 10. Qd4 Nc6 11. Qxc5 Nxc5 12. O-O-O b5 13. Nd4 Bd7 14. Nxc6
Bxc6 1/2-1/2

[Event "3rd Novi Sad it"]
[Site "Novi Sad"]
[Date "1974.10.28"]
[EventDate "1974.10.13"]
[Round "13.8"]
[White "Maric, Rudolf"]
[Black "Hulak, Krunoslav"]
[Result "1-0"]
[WhiteElo "2455"]
[BlackElo "2475"]
[PlyCount "109"]
[Source "Perpetual Check"]

1. e4 Nf6 2. e5 Nd5 3. d4 d6 4. Nf3 g6 5. c4 Nb6 6. Nc3 Bg7 7. exd6 cxd6 8. Be3
O-O 9. Be2 Bg4 10. O-O Nc6 11. b3 e6 12. h3 Bxf3 13. Bxf3 d5 14. cxd5 Nxd5 15.
Nxd5 exd5 16. Rc1 h6 17. Rc5 Ne7 18. Qc1 b6 19. Rc7 Nf5 20. Bg4 Nxd4 21. Rd1 h5
22. Bxd4 Bxd4 23. Rxd4 hxg4 24. Rxg4 Rc8 25. Rxc8 Qxc8 26. Qa1 Qd8 27. h4 Re8
28. h5 Re4 29. Rxe4 dxe4 30. hxg6 fxg6 31. Qe5 Qd1+ 32. Kh2 Qe2 33. Qb8+ Kg7
34. Qxa7+ Kh6 35. Qe7 Qxa2 36. Qf8+ Kh7 37. Qf7+ Kh6 38. Qf4+ Kg7 39. Qc7+ Kh6
40. Qxb6 Qb2 41. g3 Kh7 42. Kg2 Kg7 43. Qc7+ Kh6 44. Qf7 Qd4 45. Qc4 Qe5 46. b4
Qf5 47. Qc5 Qf3+ 48. Kg1 g5 49. Qd6+ Kh5 50. Qd7 Qe2 51. Qf7+ Kg4 52. Kg2 Qd3
53. b5 Qe2 54. Qd7+ Kh5 55. Qh7+ 1-0

[Event "3rd Novi Sad it"]
[Site "Novi Sad"]
[Date "1974.10.29"]
[EventDate "1974.10.13"]
[Round "14.1"]
[White "Tal, Mikhail"]
[Black "Hulak, Krunoslav"]
[Result "1-0"]
[WhiteElo "2635"]
[BlackElo "2475"]
[PlyCount "81"]
[Source "Perpetual Check"]

1. e4 c5 2. Nf3 d6 3. d4 cxd4 4. Nxd4 Nf6 5. Nc3 g6 6. g3 Bg7 7. Bg2 O-O 8. O-O
a6 9. h3 Qc7 10. Bg5 Nbd7 11. Qd2 Nb6 12. b3 Bd7 13. Nd5 Nbxd5 14. exd5 Qc5 15.
Be3 Qc7 16. c4 e6 17. dxe6 fxe6 18. Rad1 Rad8 19. Bg5 e5 20. Ne2 Bc6 21. Nc3
Rd7 22. Bxf6 Bxf6 23. Bd5+ Kg7 24. Ne4 Rdd8 25. Kg2 Bd7 26. f4 exf4 27. Nxf6
Rxf6 28. Qb2 Rdf8 29. Rxf4 Bc6 30. Re1 Qf7 31. Bxc6 bxc6 32. Ref1 Qe6 33. b4 g5
34. Rxf6 Rxf6 35. a4 Kf7 36. Qxf6+ Qxf6 37. Rxf6+ Kxf6 38. a5 Ke6 39. b5 Kd7
40. b6 h6 41. Kf3 1-0

[Event "3rd Novi Sad it"]
[Site "Novi Sad"]
[Date "1974.10.29"]
[EventDate "1974.10.13"]
[Round "14.2"]
[White "Jovic, Ljubomir"]
[Black "Maric, Rudolf"]
[Result "0-1"]
[WhiteElo "2305"]
[BlackElo "2455"]
[PlyCount "84"]
[Source "Perpetual Check"]

1. e4 e6 2. d4 d5 3. Nc3 Bb4 4. e5 Qd7 5. Nge2 b6 6. a3 Bf8 7. f4 Ne7 8. g4 h5
9. Ng3 hxg4 10. Qxg4 g6 11. Be3 Ba6 12. Bg2 Nbc6 13. b3 Nf5 14. Nxf5 gxf5 15.
Qf3 Be7 16. Bf2 Bh4 17. Bxh4 Rxh4 18. Qf2 Rh6 19. h4 O-O-O 20. h5 Rdh8 21. Bf3
Qe7 22. Ne2 Nd8 23. Qe3 c5 24. dxc5 bxc5 25. c4 d4 26. Qd3 Bb7 27. b4 Bxf3 28.
Qxf3 Qb7 29. Qxb7+ Kxb7 30. bxc5 Rxh5 31. Rxh5 Rxh5 32. O-O-O Nc6 33. Nxd4 Nxd4
34. Rxd4 Kc6 35. Rd6+ Kxc5 36. Ra6 Rh4 37. Rxa7 Rxf4 38. Rxf7 Rxc4+ 39. Kd2 Ra4
40. Re7 Kd5 41. Rb7 Rxa3 42. Rb5+ Ke4 0-1

[Event "3rd Novi Sad it"]
[Site "Novi Sad"]
[Date "1974.10.29"]
[EventDate "1974.10.13"]
[Round "14.3"]
[White "Radulov, Ivan"]
[Black "Deze, Anton"]
[Result "1/2-1/2"]
[WhiteElo "2490"]
[BlackElo "2375"]
[PlyCount "23"]
[Source "Perpetual Check"]

1. e4 c5 2. c4 Nc6 3. Nc3 g6 4. g3 Bg7 5. Bg2 a6 6. a4 Nf6 7. Nge2 O-O 8. O-O
Ne8 9. d3 Nc7 10. Be3 Ne6 11. Rb1 Ned4 12. Bd2 1/2-1/2

[Event "3rd Novi Sad it"]
[Site "Novi Sad"]
[Date "1974.10.29"]
[EventDate "1974.10.13"]
[Round "14.5"]
[White "Suba, Mihai"]
[Black "Notaros, Krasoje"]
[Result "1-0"]
[WhiteElo "2460"]
[BlackElo "2290"]
[PlyCount "121"]
[Source "Perpetual Check"]

1. c4 f5 2. Nf3 Nf6 3. g3 e6 4. Bg2 Be7 5. O-O O-O 6. b3 d6 7. d4 Qe8 8. Nc3
Qh5 9. Ba3 a5 10. d5 Ne4 11. Nb5 Na6 12. dxe6 Bxe6 13. Bb2 Bf6 14. Bxf6 Rxf6
15. e3 Rh6 16. h4 Qf7 17. Ng5 Qe7 18. Nd4 Nac5 19. Ngxe6 Rxe6 20. Nxe6 Qxe6 21.
Rc1 h6 22. Qd4 g5 23. hxg5 hxg5 24. Bf3 Rf8 25. Kg2 c6 26. Rh1 Nf6 27. Rh6 g4
28. Be2 Nce4 29. Rch1 c5 30. Qb2 Kf7 31. Bd3 Ke7 32. Rh8 Rxh8 33. Rxh8 Ng5 34.
Rb8 Qd7 35. Be2 Qc6+ 36. Kh2 Nge4 37. Bf1 Qc7 38. Rh8 Ke6 39. Bg2 Qg7 40. Rh4
b6 41. Bxe4 fxe4 42. a3 Qg6 43. b4 axb4 44. axb4 Qf5 45. bxc5 bxc5 46. Kg1 Qf3
47. Qa1 Qf5 48. Qa8 Qf3 49. Qa4 Qf5 50. Rh8 Qg6 51. Qc6 Qg7 52. Rb8 Qd7 53. Qa6
Kf5 54. Rb6 Ke5 55. Rb7 Qe8 56. Rg7 Ke6 57. Rg5 Ke7 58. Qb7+ Ke6 59. Qg7 Qa4
60. Rg6 Qa1+ 61. Kg2 1-0

[Event "3rd Novi Sad it"]
[Site "Novi Sad"]
[Date "1974.10.29"]
[EventDate "1974.10.13"]
[Round "14.6"]
[White "Hernandez Onna, Roman"]
[Black "Kirov, Nino"]
[Result "1/2-1/2"]
[WhiteElo "2395"]
[BlackElo "2465"]
[PlyCount "21"]
[Source "Perpetual Check"]

1. c4 g6 2. d4 Nf6 3. Nc3 d5 4. Bg5 Ne4 5. Bh4 c5 6. e3 Bg7 7. cxd5 Nxc3 8.
bxc3 cxd4 9. cxd4 Qxd5 10. Nf3 Nc6 11. Be2 1/2-1/2

[Event "3rd Novi Sad it"]
[Site "Novi Sad"]
[Date "1974.10.29"]
[EventDate "1974.10.13"]
[Round "14.8"]
[White "Forintos, Gyozo"]
[Black "Buljovcic, Ivan"]
[Result "1-0"]
[WhiteElo "2490"]
[BlackElo "2460"]
[PlyCount "61"]
[Source "Perpetual Check"]

1. d4 d5 2. c4 dxc4 3. e4 c5 4. d5 e6 5. Bxc4 Nf6 6. Nc3 exd5 7. Nxd5 Nxd5 8.
Bxd5 Be7 9. Nf3 Nd7 10. Qe2 O-O 11. O-O Nb6 12. Bb3 Qd6 13. Rd1 Qg6 14. Ne5 Qf6
15. f4 Be6 16. Bc2 Rfd8 17. Be3 Rxd1+ 18. Qxd1 Nc4 19. Nxc4 Bxc4 20. e5 Qa6 21.
Qd7 Qe6 22. Rd1 Bxa2 23. Qxb7 Rf8 24. Rd7 Re8 25. Qxa7 Bd5 26. Ba4 Ra8 27. Qc7
Bf8 28. Bxc5 Qf5 29. Rxd5 Rxa4 30. e6 Qc2 31. Qxf7+ 1-0

[Event "3rd Novi Sad it"]
[Site "Novi Sad"]
[Date "1974.10.31"]
[EventDate "1974.10.13"]
[Round "15.1"]
[White "Buljovcic, Ivan"]
[Black "Tal, Mikhail"]
[Result "0-1"]
[WhiteElo "2460"]
[BlackElo "2635"]
[PlyCount "88"]
[Source "Perpetual Check"]

1. e4 g6 2. d4 Bg7 3. Nf3 c5 4. dxc5 Qa5+ 5. c3 Qxc5 6. Bd3 d6 7. O-O Nf6 8.
Qe2 Nbd7 9. Nbd2 O-O 10. Re1 a6 11. h3 Qc7 12. Nb3 e5 13. Bc2 b6 14. Bg5 h6 15.
Bh4 Bb7 16. Rad1 Rfe8 17. Nh2 d5 18. exd5 Nxd5 19. Be4 Nf4 20. Qf3 Bxe4 21.
Qxe4 f5 22. Qc2 Nf6 23. Nc1 Kh7 24. Ne2 Ne4 25. Nxf4 exf4 26. f3 Ng3 27. Nf1
Be5 28. Qd2 Bg7 29. Qf2 Bf8 30. Bf6 Bc5 31. Bd4 Rad8 32. Rxe8 Rxe8 33. Re1 Bxd4
34. cxd4 Rxe1 35. Qxe1 Qd6 36. Nxg3 fxg3 37. Qc3 g5 38. Kf1 Kg6 39. a3 Qe6 40.
Qd3 Qa2 41. Qc2 Qa1+ 42. Ke2 Qg1 43. Kd3 Qf1+ 44. Ke3 Kh5 0-1

[Event "3rd Novi Sad it"]
[Site "Novi Sad"]
[Date "1974.10.31"]
[EventDate "1974.10.13"]
[Round "15.3"]
[White "Kirov, Nino"]
[Black "Raicevic, Vladimir"]
[Result "1/2-1/2"]
[WhiteElo "2465"]
[BlackElo "2490"]
[PlyCount "83"]
[Source "Perpetual Check"]

1. Nf3 d5 2. g3 c5 3. Bg2 Nc6 4. d4 Nf6 5. O-O cxd4 6. Nxd4 e5 7. Nxc6 bxc6 8.
c4 Be7 9. Nc3 e4 10. cxd5 cxd5 11. Bg5 Be6 12. Qa4+ Qd7 13. Qxd7+ Nxd7 14. Bxe7
Kxe7 15. Rac1 Rab8 16. Rfd1 Nf6 17. b3 Rhc8 18. Na4 Kd6 19. f3 e3 20. Rc3 Rxc3
21. Nxc3 Rb4 22. f4 d4 23. Ne4+ Nxe4 24. Bxe4 a5 25. Bc2 Kc5 26. Rc1 Kd6 27.
Rd1 a4 28. bxa4 Bxa2 29. a5 Kc5 30. a6 h6 31. Ra1 Bd5 32. Ra5+ Rb5 33. Rxb5+
Kxb5 34. Bd3+ Kb6 35. f5 Kc7 36. h4 Kd6 37. Kh2 Ke5 38. Kh3 Bc6 39. Kg4 Bd7 40.
Kf3 Bc6+ 41. Kg4 Bd7 42. Kh5 1/2-1/2

[Event "3rd Novi Sad it"]
[Site "Novi Sad"]
[Date "1974.10.31"]
[EventDate "1974.10.13"]
[Round "15.5"]
[White "Ilijic, Milan"]
[Black "Suba, Mihai"]
[Result "1-0"]
[WhiteElo "2375"]
[BlackElo "2460"]
[PlyCount "191"]
[Source "Perpetual Check"]

1. g3 g6 2. Bg2 Bg7 3. c4 Nf6 4. Nc3 O-O 5. d4 d6 6. Nf3 Nbd7 7. O-O e5 8. e4
c6 9. h3 exd4 10. Nxd4 Re8 11. Be3 Nc5 12. Qc2 a5 13. Rad1 Nfd7 14. b3 Qe7 15.
Rfe1 Nf8 16. f4 Bd7 17. Bf2 Rad8 18. Rd2 Bc8 19. Rde2 Qc7 20. Qd2 Qb6 21. Nc2
Qa6 22. Bd4 f6 23. g4 a4 24. b4 Nce6 25. Be3 Qxc4 26. Nxa4 Nc7 27. a3 Qf7 28.
Nb6 Be6 29. f5 Bb3 30. Nd4 Bc4 31. Nxc4 Qxc4 32. Qc2 Qf7 33. Bf4 Qe7 34. a4 Nd7
35. b5 c5 36. Nf3 Ne5 37. Nd2 Nf7 38. Nc4 Bh6 39. Bg3 Ne5 40. Nb6 Kh8 41. Qb3
Bg5 42. Kf1 h5 43. gxh5 gxh5 44. Rd1 Rg8 45. Ra2 Bh6 46. Bh4 Bg5 47. Be1 Bf4
48. a5 Qg7 49. Bh4 Bg5 50. Bf2 Bd2 51. Bh1 Bb4 52. Nd5 Nxd5 53. Qxd5 Qd7 54.
Bh4 Qg7 55. Rg2 Qh6 56. a6 Qf4+ 57. Bf2 Rxg2 58. Bxg2 bxa6 59. bxa6 c4 60. Kg1
c3 61. a7 c2 62. Rf1 c1=Q 63. a8=Q Qc7 64. Bd4 Qg5 65. Qaa2 Bc5 66. Qf2 Rg8 67.
Kh1 Bxd4 68. Qdxd4 Qc5 69. Rg1 Qxd4 70. Qxd4 h4 71. Qc3 Rg7 72. Qc2 Kh7 73. Qe2
Kh6 74. Rd1 Nc4 75. Bf3 Qf4 76. Rf1 Ne3 77. Re1 Nc2 78. Rf1 Ne3 79. Re1 Nc2 80.
Rf1 Nd4 81. Qf2 Rg3 82. Bg2 Qe5 83. Rd1 Nb5 84. Rd5 Qa1+ 85. Kh2 Qb1 86. Qf4+
Kg7 87. Qxh4 Rg5 88. Qf2 Nc3 89. Rxd6 Nxe4 90. Rd7+ Kf8 91. Bxe4 Qb8+ 92. Kh1
Qb4 93. Qh4 Qc3 94. Qh8+ Rg8 95. Rd8+ Ke7 96. Rxg8 1-0

[Event "3rd Novi Sad it"]
[Site "Novi Sad"]
[Date "1974.10.31"]
[EventDate "1974.10.13"]
[Round "15.7"]
[White "Maric, Rudolf"]
[Black "Radulov, Ivan"]
[Result "0-1"]
[WhiteElo "2455"]
[BlackElo "2490"]
[PlyCount "80"]
[Source "Perpetual Check"]

1. e4 c5 2. c3 Nf6 3. e5 Nd5 4. d4 cxd4 5. Bc4 Nb6 6. Bb3 d6 7. cxd4 dxe5 8.
Qh5 e6 9. dxe5 Nc6 10. Nf3 Qd3 11. Nc3 Bb4 12. Bd2 Bxc3 13. Bxc3 Nd5 14. Rd1
Qe4+ 15. Kf1 O-O 16. Ng5 Qf5 17. Bxd5 exd5 18. g4 Qg6 19. Rxd5 h6 20. Qxg6 fxg6
21. Ne4 Bxg4 22. Nd2 Be6 23. Rd6 Bh3+ 24. Ke2 Rae8 25. Rxg6 Nxe5 26. Rg3 Ng4+
27. Kd1 Nxf2+ 28. Kc1 g5 29. Rhg1 Bf5 30. Rf3 Bg6 31. Rxf8+ Rxf8 32. Bd4 Rc8+
33. Bc3 b5 34. a3 a5 35. Rf1 Nd3+ 36. Kd1 b4 37. axb4 axb4 38. Bd4 Bh5+ 39. Nf3
Rc1+ 40. Ke2 Rxf1 0-1

[Event "3rd Novi Sad it"]
[Site "Novi Sad"]
[Date "1974.10.31"]
[EventDate "1974.10.13"]
[Round "15.8"]
[White "Hulak, Krunoslav"]
[Black "Jovic, Ljubomir"]
[Result "1/2-1/2"]
[WhiteElo "2475"]
[BlackElo "2305"]
[PlyCount "24"]
[Source "Perpetual Check"]

1. e4 c5 2. Nf3 Nc6 3. Bb5 g6 4. O-O Bg7 5. Re1 b6 6. Bxc6 dxc6 7. d3 e5 8.
Nbd2 Qc7 9. a4 Ne7 10. Nc4 f6 11. Be3 Be6 12. a5 Rb8 1/2-1/2